-
Newman, William M. and sproull, robert f.
Entry Personal Name
Number of records used in: 1
001 - CONTROL NUMBER
003 - CONTROL NUMBER IDENTIFIER
005 - DATE AND TIME OF LATEST TRANSACTION
- control field:
20180209132529.0
008 - FIXED-LENGTH DATA ELEMENTS
- fixed length control field:
180209|| aca||aabn | a|a d
040 ## - CATALOGING SOURCE
- Original cataloging agency:
OSt
- Transcribing agency:
OSt
100 ## - HEADING--PERSONAL NAME
- Personal name:
Newman, William M. and sproull, robert f.
670 ## - SOURCE DATA FOUND
- Source citation:
Work cat.: (OSt)269: Newman, William M. and sproull, robert f., Principles of Interactive Computer Graphics, 2003